| 000 | 00461nam a2200145 a 4500 | ||
|---|---|---|---|
| 005 | 20210223122330.0 | ||
| 008 | 991125s1986 mx 000 0 spa u | ||
| 035 | _aUPN01000033592 | ||
| 049 | _aAV | ||
| 245 | 0 | 0 |
_aJueguemos a conocer el mundo : _bIndependencia de México [videograbación] / _cprod. Eduardo Ortíz |
| 260 |
_aMéxico : _bUTEC, _c1986 |
||
| 300 | _a1 cassete (Beta) (30 min. | ||
| 651 | 4 |
_aMEXICO - _xHISTORIA - _yHASTA 1810 _913355 |
|
| 905 | _aLibro | ||
| 999 |
_c33592 _d33592 |
||